Classement final de l’Eurovision 2025 - Statistiques

Statistiques générales
  • Ce quiz a été pris 474 fois
  • Le résultat moyen est 19 sur 26
Statistiques - réponses
Place Pays Points % Correct
1 Autriche 436
99%
7 France 230
94%
2 Israël 357
94%
3 Estonie 356
91%
4 Suède 321
87%
5 Italie 256
82%
6 Grèce 231
78%
26 Saint-Marin 27
75%
10 Suisse 214
75%
24 Espagne 37
74%
8 Albanie 218
72%
25 Islande 33
72%
11 Finlande 196
69%
15 Allemagne 151
68%
18 Norvège 89
67%
19 Royaume-Uni 88
67%
9 Ukraine 218
67%
13 Lettonie 158
65%
23 Danemark 47
62%
16 Lituanie 96
62%
17 Malte 91
61%
12 Pays-Bas 175
61%
14 Pologne 156
61%
21 Portugal 50
61%
22 Luxembourg 47
59%
20 Arménie 72
50%
Aucun quiz correspondant
Distribution des résultats
% des personnes avec chaque résultat
Percentile par nombre de réponses
Votre historique - résultats
Vous n’avez pas pris ce quiz